<?xml version="1.0" encoding="UTF-8"?>
<record
    xmlns:xsi="http://www.w3.org/2001/XMLSchema-instance"
    xsi:schemaLocation="http://www.loc.gov/MARC21/slim http://www.loc.gov/standards/marcxml/schema/MARC21slim.xsd"
    xmlns="http://www.loc.gov/MARC21/slim">

  <leader>00830nam a22001577a 4500</leader>
  <controlfield tag="003">OSt</controlfield>
  <controlfield tag="005">20161125143341.0</controlfield>
  <controlfield tag="008">161125b        xxu||||| |||| 00| 0 eng d</controlfield>
  <datafield tag="040" ind1=" " ind2=" ">
    <subfield code="c">RUA</subfield>
  </datafield>
  <datafield tag="082" ind1=" " ind2=" ">
    <subfield code="a">LMA OU 2014 B540 Or.1</subfield>
  </datafield>
  <datafield tag="100" ind1=" " ind2=" ">
    <subfield code="9">11367</subfield>
    <subfield code="a">OU SARIN; &#x17A2;&#x17CA;&#x17BC; &#x179F;&#x17B6;&#x179A;&#x17B7;&#x1793;</subfield>
  </datafield>
  <datafield tag="245" ind1=" " ind2=" ">
    <subfield code="a">Land transation study in village knong, village prek tamak at prek tamak commune, ksach kandal district, kandal province; &#x179F;&#x17B7;&#x1780;&#x17D2;&#x179F;&#x17B6;&#x17A2;&#x17C6;&#x1796;&#x17B8;&#x1780;&#x17B6;&#x179A;&#x1795;&#x17D2;&#x1791;&#x17C1;&#x179A;&#x179F;&#x17B7;&#x1791;&#x17D2;&#x1792;&#x17B7;&#x178A;&#x17B8;&#x1792;&#x17D2;&#x179B;&#x17B8;&#x1793;&#x17C5;&#x1780;&#x17D2;&#x1793;&#x17BB;&#x1784;&#x1797;&#x17BC;&#x1798;&#x17B7;&#x1780;&#x17D2;&#x1793;&#x17BB;&#x1784; &#x1793;&#x17B7;&#x1784;&#x1797;&#x17BC;&#x1798;&#x17B7;&#x1796;&#x17D2;&#x179A;&#x17C2;&#x1780;&#x178F;&#x17B6;&#x1798;&#x17B6;&#x1780;&#x17CB; &#x1783;&#x17BB;&#x17C6;&#x1796;&#x17D2;&#x179A;&#x17C2;&#x1780;&#x178F;&#x17B6;&#x1798;&#x17B6;&#x1780;&#x17CB; &#x179F;&#x17D2;&#x179A;&#x17BB;&#x1780;&#x1781;&#x17D2;&#x179F;&#x17B6;&#x1785;&#x17CB;&#x1780;&#x178E;&#x17D2;&#x178A;&#x17B6;&#x179B; &#x1781;&#x17C1;&#x178F;&#x17D2;&#x178F;&#x1780;&#x178E;&#x17D2;&#x178A;&#x17B6;&#x179B;</subfield>
  </datafield>
  <datafield tag="260" ind1=" " ind2=" ">
    <subfield code="a">PHNOM PENH</subfield>
    <subfield code="b">OU</subfield>
    <subfield code="c">2014</subfield>
  </datafield>
  <datafield tag="300" ind1=" " ind2=" ">
    <subfield code="a">xi;53p.</subfield>
    <subfield code="b">ill.</subfield>
    <subfield code="c">29cm.</subfield>
  </datafield>
  <datafield tag="942" ind1=" " ind2=" ">
    <subfield code="2">ddc</subfield>
    <subfield code="c">LMA</subfield>
  </datafield>
  <datafield tag="999" ind1=" " ind2=" ">
    <subfield code="c">10929</subfield>
    <subfield code="d">10929</subfield>
  </datafield>
  <datafield tag="952" ind1=" " ind2=" ">
    <subfield code="0">0</subfield>
    <subfield code="1">0</subfield>
    <subfield code="2">ddc</subfield>
    <subfield code="4">0</subfield>
    <subfield code="6">LMA_OU_2014_000000000000000_B540_OR_1</subfield>
    <subfield code="7">0</subfield>
    <subfield code="9">57562</subfield>
    <subfield code="a">LBB</subfield>
    <subfield code="b">LBB</subfield>
    <subfield code="c">B540</subfield>
    <subfield code="d">2016-11-25</subfield>
    <subfield code="l">1</subfield>
    <subfield code="o">LMA OU 2014 B540 Or.1</subfield>
    <subfield code="p">A05625</subfield>
    <subfield code="r">2024-11-08</subfield>
    <subfield code="s">2024-10-14</subfield>
    <subfield code="w">2016-11-25</subfield>
    <subfield code="y">LMA</subfield>
  </datafield>
  <datafield tag="952" ind1=" " ind2=" ">
    <subfield code="0">0</subfield>
    <subfield code="1">0</subfield>
    <subfield code="2">ddc</subfield>
    <subfield code="4">0</subfield>
    <subfield code="6">LMA_OU_2014_000000000000000_B540_OR_2</subfield>
    <subfield code="7">0</subfield>
    <subfield code="9">57563</subfield>
    <subfield code="a">LBB</subfield>
    <subfield code="b">LBB</subfield>
    <subfield code="c">B540</subfield>
    <subfield code="d">2016-11-25</subfield>
    <subfield code="l">1</subfield>
    <subfield code="o">LMA OU 2014 B540 Or.2</subfield>
    <subfield code="p">A05555</subfield>
    <subfield code="r">2025-06-25</subfield>
    <subfield code="s">2025-05-27</subfield>
    <subfield code="w">2016-11-25</subfield>
    <subfield code="y">LMA</subfield>
  </datafield>
  <datafield tag="952" ind1=" " ind2=" ">
    <subfield code="0">0</subfield>
    <subfield code="1">0</subfield>
    <subfield code="2">ddc</subfield>
    <subfield code="4">0</subfield>
    <subfield code="6">LMA_OU_2014_000000000000000_B540_OR_3</subfield>
    <subfield code="7">0</subfield>
    <subfield code="9">57564</subfield>
    <subfield code="a">LBB</subfield>
    <subfield code="b">LBB</subfield>
    <subfield code="c">B540</subfield>
    <subfield code="d">2016-11-25</subfield>
    <subfield code="l">3</subfield>
    <subfield code="o">LMA OU 2014 B540 Or.3</subfield>
    <subfield code="p">A05630</subfield>
    <subfield code="r">2024-08-06</subfield>
    <subfield code="s">2024-07-05</subfield>
    <subfield code="w">2016-11-25</subfield>
    <subfield code="y">LMA</subfield>
  </datafield>
  <datafield tag="952" ind1=" " ind2=" ">
    <subfield code="0">0</subfield>
    <subfield code="1">0</subfield>
    <subfield code="2">ddc</subfield>
    <subfield code="4">0</subfield>
    <subfield code="6">LMA_OU_2014_000000000000000_B540_OR_4</subfield>
    <subfield code="7">0</subfield>
    <subfield code="9">57565</subfield>
    <subfield code="a">LBB</subfield>
    <subfield code="b">LBB</subfield>
    <subfield code="c">B540</subfield>
    <subfield code="d">2016-11-25</subfield>
    <subfield code="o">LMA OU 2014 B540 Or.4</subfield>
    <subfield code="p">A05410</subfield>
    <subfield code="r">2016-11-25</subfield>
    <subfield code="w">2016-11-25</subfield>
    <subfield code="y">LMA</subfield>
  </datafield>
  <datafield tag="952" ind1=" " ind2=" ">
    <subfield code="0">0</subfield>
    <subfield code="1">0</subfield>
    <subfield code="2">ddc</subfield>
    <subfield code="4">0</subfield>
    <subfield code="6">LMA_OU_2014_000000000000000_B540_OR_5</subfield>
    <subfield code="7">0</subfield>
    <subfield code="9">57566</subfield>
    <subfield code="a">LBB</subfield>
    <subfield code="b">LBB</subfield>
    <subfield code="c">B540</subfield>
    <subfield code="d">2016-11-25</subfield>
    <subfield code="l">1</subfield>
    <subfield code="o">LMA OU 2014 B540 Or.5</subfield>
    <subfield code="p">A05567</subfield>
    <subfield code="r">2025-04-29</subfield>
    <subfield code="s">2025-03-18</subfield>
    <subfield code="w">2016-11-25</subfield>
    <subfield code="y">LMA</subfield>
  </datafield>
  <datafield tag="952" ind1=" " ind2=" ">
    <subfield code="0">0</subfield>
    <subfield code="1">0</subfield>
    <subfield code="2">ddc</subfield>
    <subfield code="4">0</subfield>
    <subfield code="6">LMA_OU_2014_000000000000000_B540_OR_6</subfield>
    <subfield code="7">0</subfield>
    <subfield code="9">57567</subfield>
    <subfield code="a">LBB</subfield>
    <subfield code="b">LBB</subfield>
    <subfield code="c">B540</subfield>
    <subfield code="d">2016-11-25</subfield>
    <subfield code="o">LMA OU 2014 B540 Or.6</subfield>
    <subfield code="p">A05335</subfield>
    <subfield code="r">2016-11-25</subfield>
    <subfield code="w">2016-11-25</subfield>
    <subfield code="y">LMA</subfield>
  </datafield>
  <datafield tag="952" ind1=" " ind2=" ">
    <subfield code="0">0</subfield>
    <subfield code="1">0</subfield>
    <subfield code="2">ddc</subfield>
    <subfield code="4">0</subfield>
    <subfield code="6">LMA_OU_2014_000000000000000_B540_OR_7</subfield>
    <subfield code="7">0</subfield>
    <subfield code="9">57568</subfield>
    <subfield code="a">LBB</subfield>
    <subfield code="b">LBB</subfield>
    <subfield code="c">B540</subfield>
    <subfield code="d">2016-11-25</subfield>
    <subfield code="o">LMA OU 2014 B540 Or.7</subfield>
    <subfield code="p">A05602</subfield>
    <subfield code="r">2016-11-25</subfield>
    <subfield code="w">2016-11-25</subfield>
    <subfield code="y">LMA</subfield>
  </datafield>
  <datafield tag="952" ind1=" " ind2=" ">
    <subfield code="0">0</subfield>
    <subfield code="1">0</subfield>
    <subfield code="2">ddc</subfield>
    <subfield code="4">0</subfield>
    <subfield code="6">LMA_OU_2014_000000000000000_B540_OR_8</subfield>
    <subfield code="7">0</subfield>
    <subfield code="9">57569</subfield>
    <subfield code="a">LBB</subfield>
    <subfield code="b">LBB</subfield>
    <subfield code="c">B540</subfield>
    <subfield code="d">2016-11-25</subfield>
    <subfield code="o">LMA OU 2014 B540 Or.8</subfield>
    <subfield code="p">A05025</subfield>
    <subfield code="r">2016-11-25</subfield>
    <subfield code="w">2016-11-25</subfield>
    <subfield code="y">LMA</subfield>
  </datafield>
</record>
